The mortgage kit : how to save $1,000s financing your home

Bibliographic Details
Main Author: Steinmetz, Thomas C. (Author)
Format: Book
Language:English
Published: Chicago : Longman Financial Services Publishing 1987
Subjects:

MARC

LEADER 00000cam a2200000 7i4500
001 0000002816
005 20240926.0
008 240815 ilu a eng
020 |a 088462658x (pbk) 
040 |a INS   |b eng   |e rda 
090 0 0 |a RHG2040.5.U5   |b .S72 1987 
100 1 |a Steinmetz, Thomas C. ,   |e author 
245 1 4 |a The mortgage kit :   |b how to save $1,000s financing your home   |c by Thomas C. Steinmetz 
264 1 |a Chicago :   |b Longman Financial Services Publishing   |c 1987 
300 |a ix, 188 pages :   |b illustrations ;   |c 28 cm. 
336 |a text  |2 rdacontent 
337 |a unmediated  |2 rdamedia 
338 |a volume  |2 rdacarrier 
650 0 |a Mortgage loans   |z United States   |x Handbooks, manuals, etc. 
999 |a 0000004123   |b BOOK   |c Reference   |e Default branch